[Event "Poznan op 27th"]
[Site "Poznan"]
[Date "2019.08.20"]
[Round "4"]
[White "Dzwikowski, Adam"]
[Black "Lisiak, Rafal"]
[Result "1-0"]
[WhiteElo "1963"]
[BlackElo "1420"]
[PlyCount "69"]
[EventDate "2019.08.18"]
[EventType "swiss"]
[EventRounds "9"]
[EventCountry "POL"]
[SourceTitle "EXT 2020"]
[Source "ChessBase"]
[SourceDate "2019.10.17"]
[SourceVersion "1"]
[SourceVersionDate "2019.10.17"]
[SourceQuality "1"]

1. b3 d5 2. Bb2 Bf5 3. Nf3 e6 4. g3 h6 5. Bg2 Nf6 6. 0-0 Bd6 7. d3 0-0 8. Nbd2 Bh7 9. Re1 Nbd7 10. e4 dxe4 11. dxe4 Bc5 12. e5 Nd5 13. Ne4 Bb6 14. c4 Ne7 15. b4 c6 16. a4 Bxe4 17. Rxe4 Ng6 18. a5 Bc7 19. Rd4 Ngxe5 20. Nxe5 Bxe5 21. Rxd7 Bxb2 22. Rxd8 Rfxd8 23. Qf1 Bxa1 24. Qxa1 Rd2 25. a6 Rad8 26. Bf3 b6 27. Qe5 R2d6 28. c5 Rd4 29. cxb6 axb6 30. Bxc6 R4d6 31. b5 f6 32. Qe3 Rd1+ 33. Kg2 Ra1 34. Qxb6 Rd2 35. a7 1-0

[Event "Poznan op 25th"]
[Site "Poznan"]
[Date "2017.08.26"]
[Round "8"]
[White "Dzwikowski, Adam"]
[Black "Szelag, Marcin"]
[Result "0-1"]
[WhiteElo "1975"]
[BlackElo "2456"]
[PlyCount "46"]
[EventDate "2017.08.20"]
[EventType "swiss"]
[EventRounds "9"]
[EventCountry "POL"]
[SourceTitle "CBM 180 Extra"]
[Source "ChessBase"]
[SourceDate "2017.10.06"]
[SourceVersion "1"]
[SourceVersionDate "2017.10.06"]
[SourceQuality "1"]

1. e4 c5 2. Nf3 d6 3. Bb5+ Nc6 4. Bxc6+ bxc6 5. e5 Bg4 6. h3 Bh5 7. d3 dxe5 8. g4 Bg6 9. Nxe5 Qd5 10. Nf3 h5 11. Nc3 Qe6+ 12. Be3 hxg4 13. Ng5 Qf5 14. h4 Nf6 15. Qe2 c4 16. 0-0-0 cxd3 17. Rxd3 e6 18. Rd4 Be7 19. Rf4 Qe5 20. Qa6 0-0 21. Rc4 Nd5 22. Nxd5 cxd5 23. Rxg4 Rac8 0-1

[Event "Poznan op 25th"]
[Site "Poznan"]
[Date "2017.08.21"]
[Round "3"]
[White "Dzwikowski, Adam"]
[Black "Raczynski, Krzysztof"]
[Result "1/2-1/2"]
[WhiteElo "1975"]
[BlackElo "2208"]
[PlyCount "64"]
[EventDate "2017.08.20"]
[EventType "swiss"]
[EventRounds "9"]
[EventCountry "POL"]
[SourceTitle "CBM 180 Extra"]
[Source "ChessBase"]
[SourceDate "2017.10.06"]
[SourceVersion "1"]
[SourceVersionDate "2017.10.06"]
[SourceQuality "1"]

1. e4 c5 2. Nf3 d6 3. Bb5+ Bd7 4. Bxd7+ Qxd7 5. c4 Nf6 6. Nc3 Nc6 7. d3 g6 8. 0-0 Bg7 9. Bd2 0-0 10. Rb1 e6 11. a3 a5 12. Re1 Ng4 13. Na4 Ra6 14. b3 f5 15. Be3 e5 16. h3 fxe4 17. dxe4 Nf6 18. Nh4 g5 19. Nf5 Nd4 20. g4 Ne8 21. Bd2 Nc7 22. Re3 b5 23. Nc3 b4 24. Ne2 Nce6 25. a4 Nf4 26. Nc1 Qe6 27. Rg3 Rf7 28. Be3 Kf8 29. f3 Ke8 30. Rb2 Kd7 31. Rh2 Qg6 32. h4 Bf6 1/2-1/2

[Event "Poznan op 25th"]
[Site "Poznan"]
[Date "2017.08.20"]
[Round "1"]
[White "Dzwikowski, Adam"]
[Black "Tadych, Szymon"]
[Result "1-0"]
[WhiteElo "1975"]
[BlackElo "1501"]
[PlyCount "55"]
[EventDate "2017.08.20"]
[EventType "swiss"]
[EventRounds "9"]
[EventCountry "POL"]
[SourceTitle "CBM 180 Extra"]
[Source "ChessBase"]
[SourceDate "2017.10.06"]
[SourceVersion "1"]
[SourceVersionDate "2017.10.06"]
[SourceQuality "1"]

1. g3 Nf6 2. Bg2 e5 3. c4 d5 4. cxd5 Nxd5 5. Nf3 Qf6 6. 0-0 Bd6 7. d4 exd4 8. Nxd4 Nb6 9. Nc3 0-0 10. Ne4 Qe7 11. Bg5 f6 12. Nxd6 Qxd6 13. Bf4 Qe7 14. Nb5 Na6 15. Qc2 Be6 16. Bxb7 Nb4 17. Qxc7 Rae8 18. Bd6 Qxc7 19. Nxc7 N4d5 20. Nxe6 Rxe6 21. Bxf8 Kxf8 22. Rfd1 Nb4 23. a3 Nc2 24. Rac1 Rxe2 25. Bf3 Re5 26. Rxc2 a5 27. Rc7 Rb5 28. Rd8# 1-0

[Event "POL-chT3 Wielkopolskie 1314"]
[Site "Poland"]
[Date "2013.12.01"]
[Round "2.14"]
[White "Dzwikowski, Adam"]
[Black "Hanusek, Sebastian"]
[Result "1-0"]
[WhiteElo "2005"]
[BlackElo "2073"]
[PlyCount "77"]
[EventDate "2013.10.27"]
[EventType "team-tourn"]
[EventRounds "11"]
[EventCountry "POL"]
[SourceTitle "EXT 2015"]
[Source "ChessBase"]
[SourceDate "2014.11.20"]
[SourceVersion "1"]
[SourceVersionDate "2014.11.20"]
[SourceQuality "1"]
[WhiteTeam "Gniezno LKS Chrobry II"]
[BlackTeam "Wolsztyn UKS Szach"]
[WhiteTeamCountry "POL"]
[BlackTeamCountry "POL"]

1. Nf3 d5 2. g3 Nf6 3. Bg2 e6 4. 0-0 c5 5. c4 Be7 6. cxd5 Nxd5 7. d4 cxd4 8. Nxd4 0-0 9. Nd2 Nf4 10. gxf4 Qxd4 11. Ne4 Nc6 12. Qc2 e5 13. Ng5 Bxg5 14. fxg5 Qg4 15. Qe4 Qh5 16. Bf3 Qh3 17. Bg2 Qh5 18. Bf3 Qh3 19. Bg2 Qe6 20. Be3 f5 21. gxf6 gxf6 22. Rfd1 f5 23. Qh4 e4 24. Qg3+ Qg6 25. Qxg6+ hxg6 26. Rd6 Kh7 27. Rc1 Rf7 28. Rcd1 Re7 29. Bg5 Re6 30. f3 exf3 31. Bxf3 Ne5 32. h4 Nxf3+ 33. exf3 Kg7 34. b4 b5 35. a3 a5 36. R1d5 Rxd6 37. Rxd6 axb4 38. axb4 Ra6 39. Rd5 1-0

[Event "Gniezno GOSiR op-A"]
[Site "Gniezno"]
[Date "2012.08.15"]
[Round "9"]
[White "Dzwikowski, Adam"]
[Black "Sobczak, Miroslaw"]
[Result "1-0"]
[WhiteElo "2003"]
[BlackElo "1974"]
[PlyCount "61"]
[EventDate "2012.08.11"]
[EventType "swiss"]
[EventRounds "9"]
[EventCountry "POL"]
[SourceTitle "EXT 2023"]
[Source "ChessBase"]
[SourceDate "2022.10.05"]
[SourceVersion "1"]
[SourceVersionDate "2022.10.05"]
[SourceQuality "1"]

1. Nf3 Nf6 2. g3 g6 3. d4 Bg7 4. Bg2 0-0 5. 0-0 d5 6. c4 dxc4 7. Na3 c3 8. bxc3 c5 9. Ne5 Nfd7 10. Nac4 Nxe5 11. Nxe5 Qa5 12. Qb3 Qa6 13. Bd5 e6 14. Bf3 Nc6 15. Nxc6 bxc6 16. Ba3 c4 17. Qb2 Rd8 18. Be7 Rd5 19. Bxd5 exd5 20. Qa3 Qb7 21. Rfb1 Qd7 22. Qd6 Qe8 23. Rb2 Bf5 24. g4 Bxg4 25. Rab1 Bf5 26. Rb8 Bxb1 27. Rxe8+ Rxe8 28. Qd7 Rb8 29. Qxa7 Rc8 30. a4 Bh6 31. e3 1-0

[Event "Gniezno GOSiR op-A"]
[Site "Gniezno"]
[Date "2012.08.11"]
[Round "1"]
[White "Dzwikowski, Adam"]
[Black "Okonek, Wojciech"]
[Result "1/2-1/2"]
[WhiteElo "2003"]
[BlackElo "1569"]
[PlyCount "120"]
[EventDate "2012.08.11"]
[EventType "swiss"]
[EventRounds "9"]
[EventCountry "POL"]
[SourceTitle "EXT 2023"]
[Source "ChessBase"]
[SourceDate "2022.10.05"]
[SourceVersion "1"]
[SourceVersionDate "2022.10.05"]
[SourceQuality "1"]

1. Nf3 d5 2. g3 Nf6 3. Bg2 e6 4. 0-0 Bd6 5. c4 0-0 6. b3 b6 7. Bb2 Bb7 8. Qc2 h6 9. Na3 c5 10. Nb5 d4 11. e3 e5 12. exd4 exd4 13. Nxd6 Qxd6 14. Rfe1 Nc6 15. d3 Rae8 16. Qd2 Qc7 17. Rad1 Ng4 18. Bc1 Nce5 19. Nxe5 Nxe5 20. Qf4 Nf3+ 21. Bxf3 Qxf4 22. Bxf4 Bxf3 23. Rc1 Re2 24. Rxe2 Bxe2 25. Re1 Bxd3 26. Re7 Ra8 27. f3 Bb1 28. Re2 d3 29. Rb2 Bc2 30. Kf2 Re8 31. Be3 f5 32. b4 cxb4 33. Rxb4 Rc8 34. Ke1 Kf7 35. Kd2 Rc6 36. Kc3 Ke6 37. h4 Rd6 38. Kd2 Kf6 39. a4 g5 40. hxg5+ hxg5 41. a5 bxa5 42. Rb7 Ra6 43. Bxa7 a4 44. Bd4+ Ke6 45. Rg7 Ra8 46. Rg6+ Kd7 47. Rxg5 Rf8 48. Rg7+ Ke8 49. c5 Rf7 50. Rxf7 Kxf7 51. c6 Ke7 52. Bc5+ Kd8 53. Bd6 Kc8 54. Kc1 a3 55. Bxa3 Kc7 56. Kd2 Kxc6 57. Ke3 Kd5 58. Bb4 Ke6 59. Kf4 Bb1 60. Bd2 Bc2 1/2-1/2

[Event "Poznan op"]
[Site "Poznan"]
[Date "2012.??.??"]
[Round "1"]
[White "Chojnacki, Wojciech"]
[Black "Dzwikowski, Adam"]
[Result "0-1"]
[WhiteElo "1545"]
[BlackElo "2008"]
[PlyCount "70"]
[EventDate "2012.07.14"]
[EventType "swiss"]
[EventRounds "9"]
[EventCountry "POL"]
[SourceTitle "CBM 149 Extra"]
[Source "ChessBase"]
[SourceDate "2012.08.24"]
[SourceVersion "1"]
[SourceVersionDate "2012.08.24"]
[SourceQuality "1"]

1. e4 Nf6 2. Nc3 d5 3. exd5 Nxd5 4. d4 Nxc3 5. bxc3 e6 6. Bd3 Be7 7. Nf3 c5 8. 0-0 0-0 9. Ba3 Nd7 10. Re1 Qa5 11. Bb2 Nb6 12. Nd2 Na4 13. Nb3 Nxb2 14. Nxa5 Nxd1 15. Raxd1 cxd4 16. Re4 Bf6 17. Re2 dxc3 18. Be4 Re8 19. Rde1 Rb8 20. Bd5 Rf8 21. Re3 Re8 22. h3 Bd8 23. Nc4 Be7 24. Na3 Bb4 25. Nc4 Bd7 26. Ne5 Bf8 27. Bb3 Bb5 28. Bc4 Bxc4 29. Nxc4 Red8 30. R3e2 Rd4 31. Ne3 Ba3 32. Kf1 b5 33. Rd1 Ra4 34. Ra1 Rb4 35. Nd1 Rd4 0-1

[Event "Poznan op"]
[Site "Poznan"]
[Date "2012.??.??"]
[Round "7"]
[White "Dzwikowski, Adam"]
[Black "Choroszej, Aleksander"]
[Result "0-1"]
[WhiteElo "2008"]
[BlackElo "2085"]
[PlyCount "46"]
[EventDate "2012.07.14"]
[EventType "swiss"]
[EventRounds "9"]
[EventCountry "POL"]
[SourceTitle "CBM 149 Extra"]
[Source "ChessBase"]
[SourceDate "2012.08.24"]
[SourceVersion "1"]
[SourceVersionDate "2012.08.24"]
[SourceQuality "1"]

1. Nf3 g6 2. g3 Bg7 3. Bg2 d6 4. d4 Nf6 5. 0-0 0-0 6. c4 Nbd7 7. Qc2 e5 8. Rd1 exd4 9. Nxd4 a5 10. Nc3 Nc5 11. b3 Re8 12. Bb2 Qe7 13. h3 h5 14. Bc1 Nfe4 15. Bxe4 Nxe4 16. Nd5 Qd8 17. c5 c6 18. Nb6 dxc5 19. Nxa8 cxd4 20. Bf4 Bf5 21. g4 hxg4 22. hxg4 Qh4 23. gxf5 Qxf4 0-1

[Event "Poznan op"]
[Site "Poznan"]
[Date "2012.??.??"]
[Round "6"]
[White "Meczynski, Waldemar"]
[Black "Dzwikowski, Adam"]
[Result "1-0"]
[WhiteElo "2153"]
[BlackElo "2008"]
[PlyCount "32"]
[EventDate "2012.07.14"]
[EventType "swiss"]
[EventRounds "9"]
[EventCountry "POL"]
[SourceTitle "CBM 149 Extra"]
[Source "ChessBase"]
[SourceDate "2012.08.24"]
[SourceVersion "1"]
[SourceVersionDate "2012.08.24"]
[SourceQuality "1"]

1. e4 Nf6 2. e5 Nd5 3. d4 d6 4. c4 Nb6 5. exd6 exd6 6. Nc3 Be7 7. Bd3 0-0 8. Nge2 Bf6 9. 0-0 Nc6 10. Be3 Nb4 11. b3 Nxd3 12. Qxd3 g6 13. Ng3 Bg7 14. Qd2 Re8 15. Bg5 f6 16. Bh6 Bh8 1-0

[Event "Gniezno-ch op"]
[Site "Gniezno"]
[Date "2011.11.25"]
[Round "?"]
[White "Dzwikowski, Adam"]
[Black "Balinski, Damian"]
[Result "0-1"]
[WhiteElo "2013"]
[BlackElo "2102"]
[PlyCount "98"]
[EventDate "2011.11.25"]
[EventType "swiss"]
[EventRounds "5"]
[EventCountry "POL"]
[SourceTitle "EXT 2023"]
[Source "ChessBase"]
[SourceDate "2022.10.05"]
[SourceVersion "1"]
[SourceVersionDate "2022.10.05"]
[SourceQuality "1"]

1. c4 Nf6 2. g3 e5 3. Bg2 Nc6 4. Nf3 Bc5 5. 0-0 0-0 6. Nxe5 Nxe5 7. d4 Bxd4 8. Qxd4 Re8 9. Nc3 d6 10. b3 a6 11. Bb2 Qe7 12. Nd5 Nxd5 13. cxd5 f6 14. Rac1 c5 15. dxc6 Nxc6 16. Rxc6 bxc6 17. Bxc6 Be6 18. Ba3 Rad8 19. Bxe8 Qxe8 20. Bxd6 Qc6 21. Rd1 h6 22. f3 Kh8 23. Kf2 Bf7 24. Rd2 Qc1 25. b4 Qh1 26. g4 Qc1 27. a4 Qc6 28. a5 Qc1 29. Rd3 Bg6 30. Qb6 Rc8 31. Rd5 Qc4 32. Rd4 Qc3 33. Bc5 Kh7 34. Rd6 Qe5 35. Ke1 Qxh2 36. Qxa6 Qg3+ 37. Kd1 Re8 38. Qc4 Qe5 39. Rd5 Qh2 40. Rd7 Qh1+ 41. Kd2 Qb1 42. Bd4 Kh8 43. a6 Bh7 44. a7 Bg8 45. Qc3 Qa2+ 46. Qb2 Qe6 47. Rc7 Qxe2+ 48. Kc1 Qe1+ 49. Kc2 Re2+ 0-1

[Event "Poznan op 21th"]
[Site "Poznan"]
[Date "2011.08.13"]
[Round "8"]
[White "Dzwikowski, Adam"]
[Black "Grabianowski, Krystian"]
[Result "1-0"]
[WhiteElo "2013"]
[BlackElo "1860"]
[PlyCount "147"]
[EventDate "2011.08.06"]
[EventType "swiss"]
[EventRounds "9"]
[EventCountry "POL"]
[SourceTitle "CBM 143 Extra"]
[Source "ChessBase"]
[SourceDate "2011.08.29"]
[SourceVersion "1"]
[SourceVersionDate "2011.08.29"]
[SourceQuality "1"]

1. d4 Nf6 2. c4 g6 3. Nc3 Bg7 4. g3 d6 5. Nf3 0-0 6. Bg2 Nc6 7. 0-0 Bg4 8. h3 Bxf3 9. exf3 Nd7 10. Ne2 e5 11. d5 Ne7 12. Qc2 f5 13. Rd1 f4 14. gxf4 Nf5 15. fxe5 dxe5 16. f4 Qh4 17. a4 Rae8 18. Ra3 exf4 19. c5 Rxe2 20. Qxe2 Nd4 21. Qg4 Qe7 22. Rxd4 Bxd4 23. Qe6+ Qxe6 24. dxe6 Nxc5 25. Bd5 Re8 26. Bxf4 c6 27. Ba2 Nxe6 28. Rd3 c5 29. b4 Kg7 30. Be3 b6 31. bxc5 bxc5 32. a5 Kf6 33. Rb3 Ng5 34. a6 Nf3+ 35. Kg2 Ne1+ 36. Kf1 Bxe3 37. fxe3 Nc2 38. Kf2 Nb4 39. Bb1 Nxa6 40. Ra3 Re6 41. Ba2 Rb6 42. Bc4 Nb4 43. Rxa7 h5 44. Kf3 Ke5 45. Re7+ Kf6 46. Rh7 Nc6 47. Ke4 Ne5 48. Bg8 Rb8 49. Ba2 Rc8 50. Ra7 Rc6 51. Ra5 c4 52. Bb1 Nf7 53. Kd5 Rb6 54. Bc2 Ne5 55. h4 Nf3 56. e4 Ne5 57. Ba4 c3 58. Rc5 Ra6 59. Bb3 Rb6 60. Rxc3 Rb5+ 61. Kd6 Rb6+ 62. Kd5 Rb5+ 63. Kd4 Rb4+ 64. Ke3 Ng4+ 65. Kf4 Rb6 66. Bd5 Ne5 67. Ra3 Ng4 68. Ra8 Kg7 69. Ra7+ Kh8 70. Kg5 Ne5 71. Re7 Nf3+ 72. Kh6 g5+ 73. Be6 Rb8 74. Rh7# 1-0

[Event "Poznan op 21th"]
[Site "Poznan"]
[Date "2011.08.08"]
[Round "3"]
[White "Wesolowska, Katarzyna"]
[Black "Dzwikowski, Adam"]
[Result "1/2-1/2"]
[WhiteElo "1739"]
[BlackElo "2013"]
[PlyCount "111"]
[EventDate "2011.08.06"]
[EventType "swiss"]
[EventRounds "9"]
[EventCountry "POL"]
[SourceTitle "CBM 143 Extra"]
[Source "ChessBase"]
[SourceDate "2011.08.29"]
[SourceVersion "1"]
[SourceVersionDate "2011.08.29"]
[SourceQuality "1"]

1. e4 c5 2. c3 Nf6 3. e5 Nd5 4. d4 e6 5. Nf3 cxd4 6. Qxd4 Nc6 7. Qe4 Qc7 8. Bc4 f5 9. Qe2 Nde7 10. 0-0 Ng6 11. Re1 Ncxe5 12. Nxe5 Nxe5 13. Bxe6 dxe6 14. Qxe5 Qxe5 15. Rxe5 Kf7 16. Nd2 Bd7 17. Re1 Bc6 18. Nc4 Be4 19. f3 Bd5 20. Ne5+ Kg8 21. c4 Bb4 22. Re2 Bc6 23. Nxc6 bxc6 24. Rxe6 Kf7 25. Rxc6 Rhe8 26. Bf4 Re2 27. a3 Be1 28. Bg3 Bxg3 29. hxg3 Rd8 30. Kh2 Rdd2 31. Rg1 Rxb2 32. Rc7+ Re7 33. Rxe7+ Kxe7 34. Re1+ Kd6 35. c5+ Kxc5 36. Re5+ Kb6 37. Rxf5 a5 38. Rf7 Ra2 39. Rxg7 Rxa3 40. Rxh7 Rc3 41. g4 a4 42. g5 a3 43. Kg3 Rc1 44. Rh8 a2 45. Ra8 a1Q 46. Rxa1 Rxa1 47. g6 Kc5 48. f4 Kd5 49. Kg4 Ke6 50. Kg5 Ra5+ 51. Kh6 Kf6 52. g4 Ra6 53. Kh7 Ra7+ 54. Kh6 Ra6 55. Kh7 Ra7+ 56. Kh6 1/2-1/2